00866nam a22001697a 4500003000400000008004100004082001600045245008500061260006500146300001100211650008800222700001900310942001200329999001700341952016900358952016900527OSt260625b |||||||| |||| 00| 0 eng d a632.9bS61D aDynamics of Crop Disease and their Management / editedby Dinesh Singh...[et al.] aDelhi : bToday & Tomorrow Printers and Publishers,c2025.00 a637 p. aAgriculture and related technologies | Technology (Applied sciences) | Pest control aSingh, Dinesh  2ddccBK c52312d52312 00102ddc4070aRAUbRAUcGENd2026-06-25eToday & Tomorrow Printers and Publishers g5995.00l0o632.9 S61Dp87544r2026-06-25w2026-01-29yBKkBill No. IN-00449  00102ddc4070aRAUbRAUcGENd2026-06-25eToday & Tomorrow Printers and Publishers g5995.00l0o632.9 S61Dp87545r2026-06-25w2026-01-29yBKkBill No. IN-00449